| 000 | 01345nam a2200349Ia 4500 | ||
|---|---|---|---|
| 001 | ebr10599154 | ||
| 003 | CaPaEBR | ||
| 006 | m u | ||
| 007 | cr cn||||||||| | ||
| 008 | 020531s2002 gw b sb 001 0 eng d | ||
| 010 | _z 2002072426 | ||
| 020 | _z3110173050 | ||
| 020 | _z9783110173055 | ||
| 020 | _z9783110852004 | ||
| 040 |
_aCaPaEBR _cCaPaEBR |
||
| 035 | _a(OCoLC)815507464 | ||
| 050 | 1 | 4 |
_aP115 _b.O67 2002eb |
| 245 | 0 | 0 |
_aOpportunities and challenges of bilingualism _h[electronic resource] / _cedited by Li Wei, Jean-Marc Dewaele, Alex Housen. |
| 260 |
_aBerlin ; _aNew York : _bMouton de Gruyter, _c2002. |
||
| 300 |
_axii, 346 p. : _bmap. |
||
| 440 | 0 |
_aContributions to the sociology of language ; _v87 |
|
| 504 | _aIncludes bibliographical references and index. | ||
| 533 |
_aElectronic reproduction. _bPalo Alto, Calif. : _cebrary, _d2011. _nAvailable via World Wide Web. _nAccess may be limited to ebrary affiliated libraries. |
||
| 650 | 0 | _aBilingualism. | |
| 650 | 0 | _aLanguage maintenance. | |
| 655 | 7 |
_aElectronic books. _2local |
|
| 700 | 1 |
_aWei, Li, _d1961- |
|
| 700 | 1 |
_aDewaele, Jean-Marc, _d1962- |
|
| 700 | 1 |
_aHousen, Alex, _d1964- |
|
| 710 | 2 | _aebrary, Inc. | |
| 856 | 4 | 0 |
_uhttp://site.ebrary.com/lib/rucke/Doc?id=10599154 _zAn electronic book accessible through the World Wide Web; click to view |
| 999 |
_c213656 _d213656 |
||